000 00829nam a2200277Ia 4500
003 OSt
005 20221006141235.0
006 a|||||r|||| 00| 0
007 ta
008 221006b |||||||| |||| 00| 0 eng d
024 _a1,589
037 _cTheseses
040 _aEASL
_cEASL
_beng
041 _2eng
_aeng
082 _a0000106, THA
100 _aThampi Madhavi
_9530685
110 _aDelhi University. Social Science. Chinese & Japanese Studies Library
_9645089
245 0 _aIndians in China 1800-1949 Prof. Sreemati Chakrabarti
260 _c1998
300 _a269p.
_ccm.
490 _v Th
650 _aTh
_9645090
700 _aDelhi University. Social Science. Chinese & Japanese Studies Library
_9645091
942 _h0000106, THA
_cDIS
_2CC
999 _c1069675
_d1069675